LEADER 01883nam a2200325 4500 001 000000362994 003 CaOOAMICUS 005 20250529170934.0 008 250529s2022 it a 000 u ita r 020 $a978-88-6894-543-5 040 $aSeMil$bita 245 02$aI nodi della memoria :$bconcezioni e pratiche della memoria nel periodo borromaico /$ca cura di Emanuele Colombo, Marina Massimi e Alberto Rocca. 264 1$aMilano :$bBiblioteca Ambrosiana ;$aMilano :$bCentro Ambrosiano,$c2022. 300 $aXXVI, 222 p. :$bill. ;$c24 cm. 490 1 $aStudia Borromaica : saggi e documenti di storia religiosa e civile della prima etą moderna ;$v33 490 1 $aAccademia Ambrosiana. Classe di studi borromaici 650 4$aMemoria - Storia - Sec. 16.-17.$0(OLS)http://semarc/subject/57675 700 1 $aColombo, Emanuele,$d<1976- >.$0(OLS)http://semarc/name/24732 700 1 $aMassimi, Marina.$0(OLS)http://semarc/name/110251 700 1 $aRocca, Alberto,$c.$0(OLS)http://semarc/name/71418 710 2 $aBiblioteca Ambrosiana : Accademia Ambrosiana.$0(OLS)http://semarc/name/87942 830 0$aStudia Borromaica :$bsaggi e documenti di storia religiosa e civile della prima etą moderna ;$v33.$0(OLS)http://semarc/title/331 830 0$aAccademia ambrosiana. Classe di studi borromaici.$0(OLS)http://semarc/title/453907 850 $aSeMil 852 $aSeMil$W1$xVenegono$y1$m3TA R 33$j257636$B253869$CSeMilBibl$Z2$F253869 $81 996 $6020$a978-88-6894-543-5$9(OLS)http://semarc/number/303256 996 $6245$aI nodi della memoria :$bconcezioni e pratiche della memoria nel periodo borromaico$9(OLS)http://semarc/title/454020 996 $6264$aMilano :$bBiblioteca Ambrosiana$9(OLS)http://semarc/publisher/29741 996 $6264$aMilano :$bCentro Ambrosiano$9(OLS)http://semarc/publisher/29766 LEADER 01118nam a2200265 4500 001 000000349389 003 CaOOAMICUS 005 20220208113639.0 008 220207s2017 it 000 u ita r 020 $a978-88-399-2887-0 040 $aSeMil$bita 100 1 $aEnd?, Sh?saku,$d<1923-1996>.$0(OLS)http://semarc/name/25469 240 10$aJesu no sh?gai.$0(OLS)http://semarc/title/438956 245 10$aVita di Gesł /$cEndo Shusaku ; prefazione alla nuova edizione italiana di Tiziano Tosolini. 264 1$aBrescia :$bQueriniana,$c2017. 300 $a234 p. ;$c21 cm 650 4$aGesł Cristo - Vita.$0(OLS)http://semarc/subject/415 700 1 $aTosolini, Tiziano,$c.$0(OLS)http://semarc/name/91613 850 $aSeMil 852 $aSeMil$W1$xVenegono$y1$m2V II 172$j269099$B240448$CSeMilBibl$Z2$F240448 $81 961 $aTagliabue don Ivano - Omaggio 996 $6020$a978-88-399-2887-0$9(OLS)http://semarc/number/295254 996 $6245$aVita di Gesł$9(OLS)http://semarc/title/28572 996 $6264$aBrescia :$bQueriniana$9(OLS)http://semarc/publisher/29615